00753nam a2200205 a 450000100100000000500170001000800410002702000150006804000250008308200170010824501280012526000450025330000210029849000330031950400730035250400320042565000280045770000290048583000330051400000521920200929151618.0090818s1992 sp 000 0 spa d a8476583605 aDO-SdBNPbspacBNPHU a291.1bC913r00aCreencia y racionalidad :blecturas de filosofía de la religión /cW. P. Alston...[et.al.]. ; editor Enrique Romerales. aBarcelona, España :bAnthropos,c1992. a334 p. ;c20 cm.1 aFilosofía de la religión aIncluye referencias bibliográficas y notas al pie de las páginas aBibliografía : p. 325-328 4aReligiónxFilosofía1 aRomerales, Enrique,eed. 0aFilosofía de la religión